Regulación y supervisión financiera: lecciones de la crisis para América Latina y el Caribe /
El analisis de la crisis financiera desencadenada a mediados de 2008 en los Estados Unidos generó un intenso debate sobre el papel de la regulación y supervisión financiera. Sobre la base de este análisis se proponen algunas lecciones: 1) la necesidad de incluir en la regulación los aspectos "m...
Αποθηκεύτηκε σε:
| Κύριος συγγραφέας: | |
|---|---|
| Άλλοι συγγραφείς: | , |
| Μορφή: | Κείμενο |
| Θέματα: | |
| Ετικέτες: |
Προσθήκη ετικέτας
Δεν υπάρχουν, Καταχωρήστε ετικέτα πρώτοι!
|
MARC
| LEADER | 00000 a a2200000 04500 | ||
|---|---|---|---|
| 001 | 42989 | ||
| 003 | |||
| 040 | |||
| 100 | |a Correia, Filipa | ||
| 245 | |a Regulación y supervisión financiera: |b lecciones de la crisis para América Latina y el Caribe / |c Filipa Correia ; Luis Felipe Jiménez ; Sandra Manuelito | ||
| 500 | |a filipa.correia@cepal.org |a felipe.jimenez@cepal.org |a sandra.manuelito@cepal.org | ||
| 520 | |a El analisis de la crisis financiera desencadenada a mediados de 2008 en los Estados Unidos generó un intenso debate sobre el papel de la regulación y supervisión financiera. Sobre la base de este análisis se proponen algunas lecciones: 1) la necesidad de incluir en la regulación los aspectos "macroprudenciales" del riesgo, 2) la reducción de la prociclicidad del sistema, 3) la ampliación del ámbito de la regulación y 4) los conflictos de interés que afectan a la divulgación fidedigna del riesgo que asumen las instituciones financieras. | ||
| 590 | |a RRH/MARZO2012 | ||
| 650 | |a 1.CRISIS ECONOMICA | ||
| 650 | |a 2.SISTEMAS BANCARIOS | ||
| 650 | |a 3.SISTEMAS DE CREDITO | ||
| 650 | |a 4.REGULACION DE CREDITO | ||
| 650 | |a 5.RIESGO | ||
| 650 | |a 6.ESTADOS UNIDOS | ||
| 650 | |a 7.AMERICA LATINA | ||
| 700 | |a Jiménez, Luis Felipe | ||
| 700 | |a Manuelito, Sandra | ||
| 773 | |g número99 ( , 2009), páginas 7-23 : tablas, gráficos | ||
| 999 | |c 33144 |d 33144 | ||
